Stage Musicals Quiz Stats

 Plays Quiz Updated Jul 6, 2017

Support Sporcle.
Go Orange.
Score 0/27 Timer 06:00
1 Play Today
% Correct
Cats
99.2%
Beauty and the Beast
95.6%
The Phantom of the Opera
91%
Hairspray
90.9%
Mary Poppins
90.3%
Chicago
89.6%
The Lion King
88.3%
Grease
84%
Little Shop of Horrors
80.7%
West Side Story
80.7%
Les Misérables
79.6%
Jesus Christ Superstar
78.8%
Oliver!
78.7%
The Sound of Music
77.6%
% Correct
Oklahoma!
75.7%
The King and I
75.6%
High School Musical on Stage!
73.1%
Wicked
72.2%
Evita
69.1%
Billy Elliot the Musical
67.6%
Mamma Mia!
67.4%
The Rocky Horror Show
67.2%
Joseph and the Amazing Technicolor Dreamcoat
66.1%
Miss Saigon
61.8%
A Chorus Line
61.4%
Guys and Dolls
50.1%
Annie Get Your Gun
38%

You're not logged in!

Compare scores with friends on all Sporcle quizzes.
OR
Log In
Forgot?

From the Vault

Premier League or Major League Baseball

by ChargingTiger

What if you're a premier member of the Major League, or a Major member of the Premier League?
Remove Ads.
Support Sporcle.
Get the best of Sporcle when you Go Orange. This ad-free experience offers more features, more stats, and more fun while also helping to support Sporcle. Thank you for becoming a member.

Show Comments

Extras

Top Quizzes Today


Score Distribution

Your Account Isn't Verified!

In order to create a playlist on Sporcle, you need to verify the email address you used during registration. Go to your Sporcle Settings to finish the process.

Report this User

Report this user for behavior that violates our Community Guidelines.

Details: